00606nam a2200181Ia 4500008004100000020001500041041001200056082001600068100001500084245007400099250000800173260002500181300000800206650001600214942000700230999001500237952017200252221030s9999 xx 000 0 und d a0074626291 aEnglish a105.23bHal aD. V. Hall 0aMicroprocessors & Interfacing - Programming & Hardwarecby D. V. Hall a2nd bTMHaNew Delhic2000 a624 aBE Computer cBK c2541d2541 pBE 1501g275.00l0o105.23 Halr2024-06-13 00:00:00w2022-10-30yBK003Print4070aMIETLIBbMIETLIBcBL-Academic Block A, FL-1, CUP-126, SH-4, R-4d2000-05-0610HBE